| 000 | 00637nam a2200217Ia 4500 | ||
|---|---|---|---|
| 005 | 20250508164620.0 | ||
| 008 | 008 250505s9999 xx 000 0 eng d | ||
| 020 | _a81-88122-16-5 | ||
| 037 | _aReference | ||
| 040 |
_aFEDL _beng _cFEDL |
||
| 041 |
_aeng _2eng |
||
| 084 |
_a954, UPI/RR _qFEDL |
||
| 100 | _aUpinder Singh | ||
| 245 | 0 | _aHistory of ancient and early medieval India: From the stone age to the 12th century | |
| 260 |
_aDelhi, India _bPearson Longman _c2008 |
||
| 300 | _axxvii,677p. | ||
| 365 |
_aINR _b3500 |
||
| 650 | _aHistory - India | ||
| 942 |
_cREF _h954, UPI/RR |
||
| 999 |
_c1390153 _d1390153 |
||